Social Entrepreneurship: A Practical Introduction (Record no. 43388)

MARC details
000 -LEADER
fixed length control field 00483nam a22001697a 4500
005 - DATE AND TIME OF LATEST TRANSACTION
control field 20250325135214.0
008 - FIXED-LENGTH DATA ELEMENTS--GENERAL INFORMATION
fixed length control field 250325b |||||||| |||| 00| 0 eng d
020 ## - INTERNATIONAL STANDARD BOOK NUMBER
International Standard Book Number 9781032129433
041 ## - LANGUAGE CODE
Language code of text/sound track or separate title Eng.
082 ## - DEWEY DECIMAL CLASSIFICATION NUMBER
Classification number 658.408 WEA
100 ## - MAIN ENTRY--PERSONAL NAME
Author Weaver, Rasheda L
245 ## - TITLE STATEMENT
Title Social Entrepreneurship: A Practical Introduction
260 ## - PUBLICATION, DISTRIBUTION, ETC.
Place New York
Publisher Routledge
Publication Year 2023
300 ## - PHYSICAL DESCRIPTION
Extent 131;. P. 23 cm
650 ## - SUBJECT ADDED ENTRY--TOPICAL TERM
Subject Social Entrepreneurship; Social Responsibility Of Business
942 ## - ADDED ENTRY ELEMENTS (KOHA)
Koha item type Books
Holdings
Withdrawn status Lost status Source of classification or shelving scheme Damaged status Not for loan Home library Current library Shelving location Accession Date Vendor Price Bill number Full call number Barcode No Date last seen Discount Bill Date Koha item type Suggested By
    Dewey Decimal Classification     IMTN IMTN Rack 31-B 03/18/2025 Raghav Books Private Limited 3783.09 2374 658.408 WEA 33679 03/25/2025 33 02/14/2025 Books Dr. Senthil Kumar
Designed & Maintained by: LRC IMT Nagpur Contact: lrc@imtnag.ac.in© 2024. All Rights Reserved.